Movies Quiz

Random Movies or Disney Quiz
Score 0/52 Timer 08:00
0 Plays Today
Film and Year Characters % Correct
One Hundred and One Dalmatians (1961)Pongo
91.9%
One Hundred and One Dalmatians (1961)Cruella De Vil
88.4%
One Hundred and One Dalmatians (1961)Perdita
87.7%
Jungle Book (1967)Baloo
84.8%
Jungle Book (1967)Mowgli
83.9%
One Hundred and One Dalmatians (1961)Anita
81.9%
One Hundred and One Dalmatians (1961)Lucky
81.6%
One Hundred and One Dalmatians (1961)Roger
81.6%
The Sword in the Stone (1963)Merlin
81%
One Hundred and One Dalmatians (1961)Patch
79.4%
Jungle Book (1967)King Louie
79.4%
Jungle Book (1967)Kaa
79.4%
The Sword in the Stone (1963)Arthur
78.7%
One Hundred and One Dalmatians (1961)Jasper
77.4%
Jungle Book (1967)Bagheera
77.4%
Jungle Book (1967)Shere Khan
77.4%
One Hundred and One Dalmatians (1961)Horace
76.5%
The Sword in the Stone (1963)Madam Mim
74.2%
One Hundred and One Dalmatians (1961)Nanny
73.2%
One Hundred and One Dalmatians (1961)Rolly
72.3%
One Hundred and One Dalmatians (1961)Colonel
70.6%
The Sword in the Stone (1963)Archimedes
70.6%
One Hundred and One Dalmatians (1961)Captain
66.8%
Jungle Book (1967)Colonel Hathi
64.5%
One Hundred and One Dalmatians (1961)Penny
61.3%
Jungle Book (1967)Shanti
59.4%
Film and Year Characters % Correct
The Sword in the Stone (1963)Sir Kay
58.7%
The Sword in the Stone (1963)Sir Ector
58.1%
One Hundred and One Dalmatians (1961)Thunderbolt
56.5%
One Hundred and One Dalmatians (1961)Sergeant Tibs
55.5%
Jungle Book (1967)Akela
55.2%
Jungle Book (1967)Winifred
53.2%
Jungle Book (1967)Hathi Junior
52.9%
One Hundred and One Dalmatians (1961)Lucy
47.1%
One Hundred and One Dalmatians (1961)Danny
46.8%
The Sword in the Stone (1963)Wolf
46.5%
The Sword in the Stone (1963)Squirrels
46.5%
Jungle Book (1967)Flaps
46.5%
Jungle Book (1967)Dizzy
44.5%
One Hundred and One Dalmatians (1961)Towser
44.2%
Jungle Book (1967)Ziggy
43.5%
Jungle Book (1967)Buzzie
41.9%
The Sword in the Stone (1963)Sir Pelinore
41.6%
The Sword in the Stone (1963)Pike
40.3%
Jungle Book (1967)Rama
37.7%
The Sword in the Stone (1963)Scullery Maid
36.5%
Jungle Book (1967)The Jungle Patrol
34.5%
The Sword in the Stone (1963)Sir Bart
33.9%
The Sword in the Stone (1963)Tiger and Talbot
32.6%
Jungle Book (1967)Raksha
31.6%
The Sword in the Stone (1963)Merlin's sugar bowl
30%
Jungle Book (1967)Flunkey
28.7%
Remove Ads.
Support Sporcle.
Get the best of Sporcle when you Go Orange. This ad-free experience offers more features, more stats, and more fun while also helping to support Sporcle. Thank you for becoming a member.

You're not logged in!

Compare scores with friends on all Sporcle quizzes.
OR
Log In

Show Comments

Extras

Top Quizzes Today


Score Distribution

Your Account Isn't Verified!

In order to create a playlist on Sporcle, you need to verify the email address you used during registration. Go to your Sporcle Settings to finish the process.

Report this User

Report this user for behavior that violates our Community Guidelines.

Details: